BUBT Library Online Catalog

Gulliver's Travels : (Record no. 3314)

000 -LEADER
fixed length control field 00602nam a2200217Ia 4500
003 - CONTROL NUMBER IDENTIFIER
control field BUBTL
008 - FIXED-LENGTH DATA ELEMENTS--GENERAL INFORMATION
fixed length control field 151213s9999 xx 000 0 und d
020 ## - INTERNATIONAL STANDARD BOOK NUMBER
International Standard Book Number `9847002000060
082 ## - DEWEY DECIMAL CLASSIFICATION NUMBER
Classification number 823.5/ Sw54g/ 2007
100 ## - MAIN ENTRY--PERSONAL NAME
Personal name Swift, Jonathon
9 (RLIN) 5003
245 ## - TITLE STATEMENT
Title Gulliver's Travels :
Statement of responsibility, etc. Jonathon Swift
250 ## - EDITION STATEMENT
Edition statement 1st Edn
260 ## - PUBLICATION, DISTRIBUTION, ETC. (IMPRINT)
Place of publication, distribution, etc. Dhaka
Name of publisher, distributor, etc. Friends Books Corner
Date of publication, distribution, etc. c2007
300 ## - PHYSICAL DESCRIPTION
Extent [xxxxix],360p. :
Other physical details 18 cm
650 ## - SUBJECT ADDED ENTRY--TOPICAL TERM
Topical term or geographic name as entry element English Literature
650 ## - SUBJECT ADDED ENTRY--TOPICAL TERM
Topical term or geographic name as entry element
700 ## - ADDED ENTRY--PERSONAL NAME
Personal name Jonathon Swift
9 (RLIN) 5004
856 ## - ELECTRONIC LOCATION AND ACCESS
Password 0
Logon 0
Link text Download
942 ## - ADDED ENTRY ELEMENTS (KOHA)
Source of classification or shelving scheme
Koha item type Books
Holdings
Withdrawn status Lost status Source of classification or shelving scheme Damaged status Not for loan Collection code Permanent location Current location Shelving location Date acquired Source of acquisition Inventory number Total Checkouts Full call number Barcode Date last seen Date last checked out Copy number Price effective from Koha item type
          Non-fiction Bangladesh University of Business and Technology Library Bangladesh University of Business and Technology Library English Literature Stacks 08/02/2008 Purchase 5536 4 823.5/ Sw54g/ 2007 BUBTL-20035536 10/04/2023 09/27/2023 C-1 11/29/2022 Books
        Not For Loan Non-fiction Bangladesh University of Business and Technology Library Bangladesh University of Business and Technology Library English Literature Stacks 08/02/2008 Purchase 5537   823.5/ Sw54g/ 2007 BUBTL-20035537 11/29/2022   C-2 11/29/2022 Books

More Information About Library

Library Hours

  • Open: 9.00 am. to 9.00 pm.
  • Only Sunday: 9.00 am. to 6.00 pm.
  • Closed: Holiday

Contact to the University

Bangladesh University of Business and Technology Library

  • Mirpurl-2, 1216.
  • Phone:
  • Fax:
  • E-Mail: admin.library@bubt.edu.bd

Contact to the Library

Contact Person:

Md. Abdul Hakim Shah
Joint Librarian
PABX No:  113
Cell No: 01816332931
E-mail: official: admin.library@bubt.edu.bd
Personal: hakim.shah@bubt.edu.bd


BUBT Library

Copyright © 2021